[Event "Bayern-ch"]
[Site "Marktredwitz"]
[Date "1984.??.??"]
[Round "?"]
[White "Scheipl, Ralf"]
[Black "Seibold, Hubert"]
[Result "1-0"]
[WhiteElo "2325"]
[BlackElo "2235"]

1.e4 c5 2.Nf3 Nc6 3.Bb5 g6 4.O-O Bg7 5.c3 Nf6 6.d3 O-O 7.Be3 d6 8.h3 Qb6
9.Na3 a6 10.Nc4 Qc7 11.Bxc6 Qxc6 12.b4 b5 13.Na5 Qc7 14.Rc1 Be6 15.Qd2 c4
16.Ng5 Qc8 17.d4 d5 18.e5 Ne4 19.Nxe4 dxe4 20.d5 Bxh3 21.f3 exf3  1-0

[Event "Neskaupstad"]
[Site "Neskaupstad"]
[Date "1984.??.??"]
[Round "?"]
[White "Hansson, Dan"]
[Black "Petursson, Margeir"]
[Result "0-1"]
[WhiteElo "2320"]
[BlackElo "2465"]

1.e4 c5 2.Nf3 Nc6 3.Bb5 g6 4.O-O Bg7 5.Re1 Nf6 6.e5 Nd5 7.Nc3 Nc7 8.a4 O-O
9.d3 Ne6 10.Bxc6 bxc6 11.Ng5 Qc7 12.Nxe6 fxe6 13.f4 d6 14.Qe2 dxe5 15.fxe5 Rf5
16.g4 Rxe5 17.Ne4 Rd5 18.Rf1 Rd8 19.Bf4 Qb6 20.Be3 Qxb2 21.Rab1 Qa2 22.Bxc5 Re8
23.Qf2 e5 24.Qh4 Qe6 25.h3 h6 26.Rf3 g5 27.Qh5 Bd7 28.Rbf1 Rf8 29.Nxg5 hxg5
30.Qxg5 Rxf3 31.Rxf3 Qd5 32.Qe3 a5 33.Bxe7 Qd4 34.Bc5 Qxe3+ 35.Rxe3 Kf7 36.Kf2 Ke6
37.Kg3 Kd5 38.Bb6 c5 39.h4 Kc6  0-1

[Event "New York op"]
[Site "New York"]
[Date "1984.??.??"]
[Round "7"]
[White "Frenkel, Oleg"]
[Black "Schroer, Jonathan"]
[Result "0-1"]
[WhiteElo "2200"]
[BlackElo "2315"]

1.e4 c5 2.Nf3 Nc6 3.Bb5 g6 4.O-O Bg7 5.Re1 e5 6.Bxc6 bxc6 7.d3 Ne7 8.Be3 d6
9.c3 O-O 10.d4 exd4 11.cxd4 Bg4 12.Nc3 d5 13.exd5 cxd5 14.dxc5 d4 15.Bxd4 Bxf3
16.Qxf3 Bxd4 17.Rad1 Qd7 18.Ne2 Nc6 19.b4 Rab8 20.a3 Rfd8 21.Nxd4 Nxd4 22.Qf6 Re8
23.Rxe8+ Rxe8 24.Qd6 Qxd6 25.cxd6 Re6 26.Kf1 Rxd6 27.Rc1 Ra6 28.Rc8+ Kg7
29.Rd8 Nb5 30.Rb8 Nxa3 31.b5 Rb6 32.Ra8 Nxb5  0-1

[Event "NOR-ch"]
[Site "Oslo"]
[Date "1984.??.??"]
[Round "3"]
[White "Haugli, Petter"]
[Black "Hovde, Frank"]
[Result "1-0"]
[WhiteElo "2275"]
[BlackElo "2205"]

1.e4 c5 2.Nf3 Nc6 3.Bb5 g6 4.O-O Bg7 5.Re1 e5 6.c3 Nge7 7.d4 cxd4 8.cxd4 exd4
9.Bf4 a6 10.Bc4 d6 11.Ng5 O-O 12.Qb3 d5 13.Bxd5 Nxd5 14.exd5 Na5 15.Qf3 Nc4
16.Nd2 Nxd2 17.Bxd2 h6 18.Ne4 Bf5 19.Bb4 Bxe4 20.Rxe4 Re8 21.Rxe8+ Qxe8 22.Re1 Qb5
23.Re7 f5 24.Qb3 Bf8 25.d6+ Kh8 26.Rc7 Qe2 27.h3 Qe5 28.Qf7 Bg7 29.Re7  1-0

[Event "Kamen Piskov mem 4"]
[Site "Ruse"]
[Date "1984.??.??"]
[Round "3"]
[White "Bitman, Alexander R"]
[Black "Grigorov, Jordan N"]
[Result "1/2-1/2"]
[WhiteElo "2365"]
[BlackElo "2410"]

1.e4 c5 2.Nf3 Nc6 3.Bb5 Nf6 4.Nc3 g6 5.h3 a6 6.Bxc6 dxc6 7.d3 Bg7 8.a4 a5
9.O-O O-O 10.Be3 b6 11.Nd2 e5 12.f4 exf4 13.Bxf4 Nh5 14.Bh2 Be6 15.Kh1 Bh6
16.Ne2  1/2-1/2

[Event "Kamen Piskov mem 4"]
[Site "Ruse"]
[Date "1984.??.??"]
[Round "14"]
[White "Bitman, Alexander R"]
[Black "Nikolov, Todor"]
[Result "0-1"]
[WhiteElo "2365"]
[BlackElo "2200"]

1.e4 c5 2.Nf3 Nc6 3.Bb5 Nf6 4.Nc3 g6 5.h3 a6 6.Bxc6 dxc6 7.O-O Bg7 8.a4 a5
9.d3 O-O 10.Be3 b6 11.Qd2 Re8 12.Bh6 e5 13.Bg5 Qd6 14.Qe3 Nh5 15.Nd2 f6 16.Nc4 Qc7
17.Bh4 Nf4 18.f3 Be6 19.b3 Rab8 20.Bf2 Bh6 21.Kh2 Qd7 22.g4 Kg7 23.Qe1 Bg5
24.Ne3 h5 25.h4 hxg4 26.hxg5 Rh8+ 27.Kg1 gxf3 28.gxf6+ Kxf6 29.Bh4+ g5 30.Bxg5+ Kxg5
31.Rxf3 Rbg8 32.Ne2 Qh7 33.Nxf4 Qh2+ 34.Kf1 exf4 35.Ng2 Bh3 36.Qf2 Bxg2+
37.Qxg2+ Qxg2+ 38.Kxg2 Kf6+ 39.Kf2 Rh2+ 40.Ke1 Rg1+  0-1

[Event "Smederevska Palanka"]
[Site "Smederevska Palanka"]
[Date "1984.??.??"]
[Round "?"]
[White "Barlov, Dragan"]
[Black "Petursson, Margeir"]
[Result "1/2-1/2"]
[WhiteElo "2410"]
[BlackElo "2465"]

1.e4 c5 2.Nf3 Nc6 3.Bb5 g6 4.O-O Bg7 5.Re1 Nf6 6.e5 Nd5 7.Nc3 Nc7 8.a4 O-O
9.h3 Ne6 10.d3 d6 11.Bxc6 bxc6 12.exd6 exd6 13.Ne4 h6 14.Rb1 f5 15.Ned2 g5
16.Nh2 d5 17.b3 Qd6 18.Nhf1 f4 19.Bb2 Nd4 20.c3 Nf5 21.Nf3 Bd7 22.c4 Nd4
23.cxd5 Qxd5 24.N1d2 Rae8 25.Bxd4 cxd4 26.Rxe8 Rxe8 27.Ne4 Rb8 28.Nfd2 Bf5
29.Qc2 Kh8 30.Rc1 Rc8 31.Qc5 Qxc5 32.Rxc5 Be6 33.Nd6 Rb8 34.Rxc6 Bxb3 35.Nxb3 Rxb3
36.Nf5 Rb7 37.a5 Rb5 38.Rc8+ Kh7 39.Nxg7 Kxg7 40.Rc7+ Kf6 41.Rxa7 Rb1+ 42.Kh2 Rb3
43.Ra6+ Kg7 44.Rd6 Rxd3 45.h4 Ra3 46.a6 g4 47.Rxd4 g3+ 48.fxg3 fxg3+ 49.Kh3 Rxa6
50.Kxg3 Ra5 51.Kf4 Kg6 52.Rd6+ Kg7 53.Re6 Ra4+ 54.Re4 Ra2 55.g3 Kf6 56.Kg4 Ra5
57.Rb4 h5+ 58.Kf3 Ra6  1/2-1/2

[Event "BUL-ch"]
[Site "Sofia"]
[Date "1984.??.??"]
[Round "?"]
[White "Georgiev, Krum"]
[Black "Spassov, Liuben"]
[Result "1/2-1/2"]
[WhiteElo "2455"]
[BlackElo "2460"]

1.e4 c5 2.Nf3 Nc6 3.Bb5 e6 4.O-O Nge7 5.Na3 a6 6.Nc4 d5 7.Bxc6+ Nxc6 8.exd5 exd5
9.Re1+ Be7 10.Nce5 O-O 11.Nxc6 bxc6 12.d3 Bg4 13.h3 Bxf3 14.Qxf3 Bg5 15.Bxg5 Qxg5
16.Qe3 Qxe3 17.Rxe3 Rfe8 18.Rae1 Kf8 19.Kf1 Rxe3 20.Rxe3  1/2-1/2

[Event "BUL-ch"]
[Site "Sofia"]
[Date "1984.??.??"]
[Round "?"]
[White "Zahariev, Zahari"]
[Black "Radulov, Ivan"]
[Result "0-1"]
[WhiteElo "2355"]
[BlackElo "2450"]

1.e4 c5 2.Nf3 Nc6 3.Bb5 g6 4.O-O Bg7 5.c3 e5 6.d3 Nge7 7.Be3 d6 8.d4 exd4
9.cxd4 O-O 10.Nc3 Qb6 11.Bxc6 Qxc6 12.d5 Qd7 13.Qd2 b5 14.Bh6 b4 15.Bxg7 Kxg7
16.Nd1 a5 17.Ne3 Ba6 18.Rfe1 f6 19.Rac1 Rae8 20.h3 Ng8 21.Nc4 Bxc4 22.Rxc4 Nh6
23.Rcc1 Nf7 24.b3 a4 25.Qc2 g5 26.Nd2 Ne5 27.Nc4 Nxc4 28.Qxc4 Re5 29.f4 gxf4
30.Rf1 Rfe8 31.Rxf4 Qe7 32.Re1 axb3 33.Qxb3 f5 34.Qg3+ Kh8 35.Qf2 Rxd5 36.Rf1 Re5
37.exf5 Qf6 38.Rh4 Re2 39.Qf4 Rxa2 40.Kh1 Ra1 41.Rg4 Ree1 42.Rxe1 Rxe1+ 43.Kh2  0-1

[Event "Tatran Cup"]
[Site "Stary Smokovec"]
[Date "1984.??.??"]
[Round "3"]
[White "Franzen, Josef"]
[Black "Kristiansen, Jens"]
[Result "1/2-1/2"]
[WhiteElo "2355"]
[BlackElo "2445"]

1.e4 c5 2.Nf3 Nc6 3.Bb5 g6 4.O-O Bg7 5.Re1 e5 6.c3 Nge7 7.d4 cxd4 8.cxd4 exd4
9.Bf4 O-O 10.Bd6 a6 11.Bf1 b5 12.a4 b4 13.Nbd2 a5 14.Nb3 Re8 15.Nc5 Qb6 16.Bc4 Nd8
17.e5 Ne6 18.Rc1 Nf5 19.Bd5 Nxd6 20.Bxa8 Nxc5 21.exd6 Ne6 22.Qb3 Ba6 23.Bd5 Qxd6
24.Nd2 Rf8 25.Ne4 Qb6 26.Rcd1 h6 27.Bc4 Bb7 28.Bd5 Ba6 29.Bc4 Bb7 30.Bd5  1/2-1/2

[Event "Tatran Cup"]
[Site "Stary Smokovec"]
[Date "1984.??.??"]
[Round "6"]
[White "Petrik, Karol"]
[Black "Kristiansen, Jens"]
[Result "1-0"]
[WhiteElo "2305"]
[BlackElo "2445"]

1.e4 c5 2.Nf3 Nc6 3.Bb5 g6 4.O-O Bg7 5.c3 Nf6 6.Re1 Qb6 7.Na3 O-O 8.h3 d6
9.d3 e5 10.Ba4 a6 11.Nc4 Qc7 12.Ne3 Ne7 13.Bc2 b5 14.Nf1 Bb7 15.Ng3 d5 16.Bd2 Rad8
17.Qc1 c4 18.d4 exd4 19.Bf4 Qb6 20.e5 Ne4 21.Bxe4 dxe4 22.Nxd4 f6 23.Be3 Nd5
24.exf6 Qxf6 25.Nxe4 Qb6 26.Bh6 Bxd4 27.cxd4 Rfe8 28.Nc5 Ba8 29.Qg5 Qc6 30.f3 Qd6
31.Qd2 Nf6 32.Bf4 Rxe1+ 33.Rxe1 Qxd4+ 34.Qxd4 Rxd4 35.Be5 Rd5 36.Nxa6 Ne8
37.Bc3 Rd8 38.Re7 h5 39.Kf2 Bc6 40.Nb4 Ba8 41.Kg3 Kf8 42.Re5 Nd6 43.Kf4 Kf7
44.Rc5 Ke6 45.Nc2 Rb8 46.Nd4+ Kd7 47.Ba5 Rb7 48.Bb4 Rb8 49.Rg5 Rf8+ 50.Ke3 Re8+
51.Kf2 Nf7 52.Rxg6 Ne5 53.Rg7+ Kc8 54.Bd6 Nd3+ 55.Kg3 b4 56.Nb5 Re6 57.Rg8+ Kb7
58.a4 c3 59.bxc3 bxc3 60.Rb8+ Kc6 61.Rc8+ Kd5 62.Rxc3 Rg6+ 63.Kh2 Ne1 64.Bg3 Nxg2
65.h4  1-0

[Event "CSR-ch"]
[Site "Sumperk"]
[Date "1984.??.??"]
[Round "10"]
[White "Franzen, Josef"]
[Black "Zpevak, Pavel"]
[Result "1/2-1/2"]
[WhiteElo "2370"]
[BlackElo "2295"]

1.e4 c5 2.Nf3 Nc6 3.Bb5 e6 4.O-O Nge7 5.Nc3 a6 6.Bxc6 Nxc6 7.d4 cxd4 8.Nxd4 Be7
9.Bf4 d6 10.Nxc6 bxc6 11.e5 dxe5 12.Qxd8+ Bxd8 13.Bxe5 O-O 14.Na4 f6 15.Bd6 Re8
16.Rfe1 e5 17.Re3 Bf5 18.c4 Bc2 19.b3 Kf7 20.c5 Re6 21.Nb2 Bg6 22.Nc4 e4
23.Rae1 Kg8 24.Rd1 Re8 25.Bf4 Be7 26.Bd6 Bd8 27.Bf4 Be7 28.Bd6  1/2-1/2

[Event "Thessaloniki ol (Women)"]
[Site "Thessaloniki"]
[Date "1984.??.??"]
[Round "5"]
[White "Feustel, Petra"]
[Black "Kasioura, Froso"]
[Result "1-0"]
[WhiteElo "2150"]
[BlackElo "1935"]

1.e4 c5 2.Nf3 Nc6 3.Bb5 Nf6 4.e5 Nd5 5.c3 e6 6.O-O Be7 7.d4 cxd4 8.cxd4 O-O
9.Nc3 Nc7 10.Bd3 f5 11.exf6 Bxf6 12.Be3 Ne7 13.Ne5 Bxe5 14.dxe5 Ncd5 15.Nxd5 Nxd5
16.Qh5 g6 17.Bxg6 hxg6 18.Qxg6+ Kh8 19.Qh5+ Kg8 20.Bh6 Qe7 21.Qg6+ Kh8 22.Bxf8 Qxf8
23.f4 Qg7 24.Qe4 Ne7 25.Rf3 Nf5 26.Rc1 d5 27.exd6 Qd4+ 28.Qxd4+ Nxd4 29.Rh3+ Kg7
30.Rc7+ Kg8 31.d7 Bxd7 32.Rxd7 Ne2+ 33.Kf2 Nxf4 34.Rg3+ Kh8 35.Rxb7 Rf8 36.Rf3 e5
37.Rxa7 Rd8 38.Rb3 e4 39.Ke3 Nxg2+ 40.Kxe4 Re8+ 41.Kf3 Nh4+ 42.Kg4 Ng6 43.Rbb7 Nf8
44.a4 Re6 45.Rb8 Kg8 46.Raa8 Rf6 47.a5 Kg7 48.Rxf8  1-0

[Event "Thessaloniki ol (Women)"]
[Site "Thessaloniki"]
[Date "1984.??.??"]
[Round "6"]
[White "Van der Mije, Alexandra"]
[Black "Ramon, Vivian"]
[Result "0-1"]
[WhiteElo "2115"]
[BlackElo "2045"]

1.e4 c5 2.Nf3 Nc6 3.Bb5 g6 4.O-O Bg7 5.Re1 e5 6.c3 Nge7 7.Na3 a6 8.Bf1 O-O
9.Nc4 b5 10.Nd6 Qc7 11.Nxc8 Raxc8 12.a4 Qb6 13.axb5 axb5 14.Qb3 Rb8 15.d3 d6
16.Be3 b4 17.Nd2 Na5 18.Qa2 Nec6 19.cxb4 Qxb4 20.Qd5 Rfd8 21.Bg5 Rd7 22.Nf3 Qb6
23.Qa2 Nb3 24.Rad1 Ra7 25.Qb1 Nb4 26.d4 cxd4 27.Bc4 Ra1 28.Qxa1 Nxa1 29.Rxa1 Nc2
30.Ra6 Qc7 31.Rc1 Qxc4 32.Rxd6 Qe2 33.Rc6 d3 34.b4 h6  0-1

[Event "URS-ch U20"]
[Site "Vilnius"]
[Date "1984.??.??"]
[Round "7"]
[White "Glek, Igor V"]
[Black "Majorovas, Vitalijus"]
[Result "1/2-1/2"]
[WhiteElo "2395"]
[BlackElo "2420"]

1.e4 c5 2.Nf3 Nc6 3.Bb5 e6 4.O-O Nge7 5.Re1 Ng6 6.c3 a6 7.Bf1 d6 8.d4 Be7
9.dxc5 dxc5 10.Qxd8+ Bxd8 11.Be3 b6 12.Nbd2 Bb7 13.Nc4 Bc7 14.Rad1 Rd8 15.Rxd8+ Kxd8
16.Rd1+ Ke7 17.b4 cxb4 18.cxb4 Rd8 19.Rc1 b5 20.Na5 Bxa5 21.bxa5 f6 22.Bb6 Rd7
23.a3 Ke8 24.Ne1 Nge5 25.f4 Nc4 26.Bxc4 bxc4 27.Kf2 e5 28.f5 Rd2+ 29.Ke3 Rb2
30.Rxc4 Rb3+ 31.Nd3 Rxa3 32.g4 g6 33.fxg6 hxg6 34.h4 f5 35.gxf5 gxf5 36.exf5 Ne7
37.Kd2 Ra2+ 38.Kc1 e4 39.Nb4 Ra4 40.Rc7 Rxb4 41.f6 Bd5 42.Rxe7+ Kf8 43.h5 Rb3
44.h6 Rh3 45.Bc5 Bf7 46.Rxe4+ Kg8 47.Be3 Kh7 48.Bd2 Rf3 49.Rg4 Bg6 50.Bf4 Rc3+
51.Kd2 Rc5 52.Be3 Rxa5 53.Rc4 Bf7  1/2-1/2

[Event "Zuerich op"]
[Site "Zuerich"]
[Date "1984.??.??"]
[Round "7"]
[White "Keller, Dieter"]
[Black "Zueger, Beat"]
[Result "0-1"]
[WhiteElo "2405"]
[BlackElo "2385"]

1.e4 c5 2.Nf3 Nc6 3.Bb5 g6 4.O-O Bg7 5.c3 Nf6 6.Re1 O-O 7.h3 e5 8.d3 d6 9.a3 a6
10.Bc4 d5 11.exd5 Nxd5 12.a4 b6 13.Na3 h6 14.Bxd5 Qxd5 15.Nc4 Rb8 16.Ne3 Qd6
17.Nc4 Qd5 18.Qe2 Bf5 19.Ne3 Qxd3 20.Nxf5 Qxf5 21.Qxa6 Na5 22.Be3 Rfc8 23.Rad1 Qe6
24.Nd2 c4 25.Ne4 Qc6 26.Nd6 Rd8 27.Qa7 Kh7 28.Nxf7 Rxd1 29.Rxd1 Rb7 30.Qa8 Rd7
31.Rxd7 Qxa8 32.Nxh6 Qe8 33.Rc7 Qxa4 34.Ng4 Qd1+ 35.Kh2 Qd6 36.Ra7 Nc6 37.Rb7 Nd4
38.Bh6 Nf5 39.Bg5 e4+ 40.g3 Kg8 41.Bf4 Qc6 42.Rc7 Qb5 43.Kg2 Qd5 44.Kh2 b5
45.Rc8+ Kf7 46.Rc7+ Kg8 47.Rc8+ Kf7 48.Rc7+ Ke6 49.Ra7 Qc6 50.Ne3 Be5 51.Nxf5 gxf5
52.Be3 Bc7 53.Kg2 Kf6 54.h4 Kg6 55.Ra1 Kh5 56.Rd1 Qe6 57.Kf1 Bd6 58.Ra1 Qd5  0-1

[Event "ITA-ch44"]
[Site "Arcidosso"]
[Date "1985.??.??"]
[Round "6"]
[White "Martorelli, Antonio"]
[Black "Mantovani, Renzo"]
[Result "0-1"]
[WhiteElo "2305"]
[BlackElo "2230"]

1.e4 c5 2.Nf3 Nc6 3.Bb5 Qc7 4.O-O e6 5.Re1 a6 6.Bxc6 Qxc6 7.d4 d6 8.Nc3 cxd4
9.Nxd4 Qc7 10.Bg5 Be7 11.Qd2 Nf6 12.Bxf6 Bxf6 13.Ndb5 axb5 14.Nxb5 Qc5 15.Nxd6+ Ke7
16.e5 Bxe5 17.Qg5+ Kxd6 18.Rad1+ Bd4 19.Qxg7 Ke7 20.Rxd4 Rg8 21.Qxg8 Qxd4
22.h3 h6 23.Re3 Qd8 24.Qg4 Rxa2 25.Qh4+ Ke8 26.Qxh6 Ra1+ 27.Kh2 Qd6+ 28.f4 Rd1
29.Rg3 Qd4 30.Rg8+ Kd7 31.Qg5 Kc7 32.h4 f6 33.Qh6 Bd7 34.Rg7 Kb8 35.Rg6 Qg1+
36.Kg3 Rd2 37.Qf8+ Kc7 38.Kg4 Rxg2+  0-1

[Event "Ballerup"]
[Site "Ballerup"]
[Date "1985.??.??"]
[Round "6"]
[White "Forgacs, Gyula"]
[Black "Kristensen, Bjarke"]
[Result "0-1"]
[WhiteElo "2395"]
[BlackElo "2345"]

1.e4 c5 2.Nf3 Nc6 3.Bb5 Qc7 4.c3 a6 5.Ba4 Nf6 6.Qe2 e6 7.O-O b5 8.Bc2 Bb7
9.e5 Nd5 10.d4 cxd4 11.cxd4 Rc8 12.Nc3 Ncb4 13.Be4 Qc4 14.Qd2 Nxc3 15.Bxb7 Ne2+
16.Qxe2 Qxe2 17.Bxc8 Qe4 18.Bd2 Qa8 19.Bxb4 Bxb4 20.Rfc1 Ke7  0-1

[Event "Dresden"]
[Site "Dresden"]
[Date "1985.??.??"]
[Round "10"]
[White "Enders, Peter"]
[Black "Gauglitz, Gernot"]
[Result "0-1"]
[WhiteElo "2330"]
[BlackElo "2365"]

1.e4 c5 2.Nf3 Nc6 3.Bb5 g6 4.O-O Bg7 5.Re1 Nf6 6.e5 Nd5 7.b3 Nc7 8.Bxc6 dxc6
9.Bb2 O-O 10.d3 Ne6 11.Nbd2 Nd4 12.h3 Qd5 13.Re4 Nxf3+ 14.Nxf3 Bf5 15.Re1 Rad8
16.Qe2 b6 17.Qe3 Bc8 18.Re2 h6 19.Rae1 Rfe8 20.Qf4 b5 21.e6 Bxe6 22.Bxg7 Kxg7
23.Rxe6 fxe6 24.Re5 Qd7 25.Qe4 Rg8 26.Rxe6 Kf8 27.Rxc6 Qd5 28.Qxd5 Rxd5 29.Ra6 c4
30.dxc4 bxc4 31.Kf1 Rd1+ 32.Ke2 Rc1 33.Kd2 Rf1 34.Ke2 Rc1 35.Ne1 Kf7 36.Rxa7 Rd8
37.Rc7 Rd6 38.Rxc4 Re6+ 39.Kf3 Rcxe1 40.a4 Rf6+  0-1

[Event "FIN-ch"]
[Site "Espoo"]
[Date "1985.??.??"]
[Round "?"]
[White "Paavilainen, Jorma"]
[Black "Yrjola, Jouni"]
[Result "1/2-1/2"]
[WhiteElo "2315"]
[BlackElo "2500"]

1.e4 c5 2.Nf3 Nc6 3.Bb5 d6 4.O-O Bd7 5.c3 Nf6 6.Re1 a6 7.Ba4 c4 8.d3 cxd3
9.Qxd3 g6 10.c4 Bg7 11.Nc3 O-O 12.Bxc6 Bxc6 13.Be3 b5 14.cxb5 axb5 15.Nd4 Qd7
16.Nxc6 Qxc6 17.Qxb5 Qxb5 18.Nxb5 Nxe4 19.Bd4 Rfb8 20.Bxg7  1/2-1/2

[Event "Mittelfranken"]
[Site "Germany"]
[Date "1985.??.??"]
[Round "?"]
[White "Beisser, Georg"]
[Black "Kraft, Volker"]
[Result "1-0"]
[WhiteElo "2200"]
[BlackElo "2200"]

1.e4 c5 2.Nf3 Nc6 3.Bb5 g6 4.O-O Bg7 5.c3 d6 6.d4 cxd4 7.cxd4 Bd7 8.Nc3 Nf6
9.h3 O-O 10.Be3 a6 11.Be2 b5 12.a3 Rc8 13.e5 Ne8 14.Bf4 dxe5 15.Nxe5 Nc7
16.Bf3 Nxe5 17.Bxe5 Bxe5 18.dxe5 Be6 19.Bb7 Qxd1 20.Rfxd1 Rb8 21.Be4 Rfd8
22.Rxd8+ Rxd8 23.Rd1 Rxd1+ 24.Nxd1 Bd5 25.Nc3 Bxe4 26.Nxe4 Nd5 27.Nc5 a5
28.Nb3 a4 29.Nc5 Nb6 30.Kf1 Nc4 31.Nd3 b4 32.Nxb4 Nxb2 33.Nc2 Nd3 34.Ke2 Nxe5
35.f4 Nc4 36.Kd3 Nb2+ 37.Kd4 f6 38.Ne3 Kf7 39.Kc3 e5 40.fxe5 fxe5 41.Kxb2 Kf6
42.Kc3 Kg5 43.h4+ Kf6 44.Kd3  1-0

[Event "Mittelfranken"]
[Site "Germany"]
[Date "1985.??.??"]
[Round "?"]
[White "Albrecht, Ulli"]
[Black "Hirn, Oskar"]
[Result "1-0"]
[WhiteElo "2200"]
[BlackElo "2200"]

1.e4 c5 2.Nf3 Nc6 3.Bb5 b6 4.c3 a6 5.Ba4 b5 6.Bc2 d5 7.d3 Bg4 8.O-O e6 9.Re1 Nf6
10.h3 Bh5 11.Bf4 Be7 12.Nbd2 O-O 13.Nf1 Ra7 14.Ng3 Bg6 15.Nh4 Nxe4 16.Nxg6 fxg6
17.dxe4 Rxf4 18.exd5 exd5 19.Qe2 Rf6 20.Rad1 Rd7 21.a4 c4 22.axb5 axb5 23.Qe3 Qf8
24.Ne2 Bc5 25.Nd4 Rdf7 26.Re2 Re7 27.Qg5 Rxe2 28.Qxd5+ Kh8 29.Nxe2 Rxf2 30.Kh1 Rxe2
31.Qxc6 Rf2 32.h4 Rf4 33.g3 Rf1+ 34.Kg2 Rf2+ 35.Kh3 Rf6 36.Qd5 Rf2 37.Be4 Rxb2
38.Qxc5  1-0

[Event "Hamburg HSV"]
[Site "Hamburg"]
[Date "1985.??.??"]
[Round "?"]
[White "Kruszynski, Wlodzimierz"]
[Black "Wahls, Matthias"]
[Result "1-0"]
[WhiteElo "2370"]
[BlackElo "2285"]

1.e4 c5 2.Nf3 Nc6 3.Bb5 g6 4.O-O Bg7 5.c3 Nf6 6.Re1 O-O 7.d4 cxd4 8.cxd4 d5
9.e5 Ne4 10.Nc3 Nxc3 11.bxc3 Bd7 12.Bd3 Rc8 13.Ng5 h6 14.Nf3 Na5 15.Bd2 Nc4
16.Bc1 Qa5 17.Qb3 Qc7 18.Qb4 Rfe8 19.Qb1 Qa5 20.Bxg6 Qxc3 21.Bxh6 Rf8 22.Bh7+ Kh8
23.Bxg7+ Kxg7 24.Qxb7 Nb6 25.Qxa7 Qc6 26.Rab1 Na4 27.Bd3 Ra8 28.Qb7 Nc3 29.Rb6 Qc8
30.e6 Qxb7 31.Rxb7 Bxe6 32.Rxe7 Kf6 33.Rc7 Nxa2 34.h3 Rg8 35.g4 Nb4 36.Bb1 Ra3
37.Re3 Ra1 38.Rb3 Na6 39.Ra7 Rc8 40.Kg2 Rc1 41.Bd3  1-0

[Event "Havana-A"]
[Site "Havana"]
[Date "1985.??.??"]
[Round "?"]
[White "Andres, Miguel"]
[Black "Utasi, Tamas"]
[Result "1/2-1/2"]
[WhiteElo "2385"]
[BlackElo "2480"]

1.e4 c5 2.Nf3 Nc6 3.Bb5 e6 4.O-O Nge7 5.Re1 Nd4 6.Nxd4 cxd4 7.c3 Nc6 8.Na3 Be7
9.Nc2 dxc3 10.dxc3 O-O 11.e5 d6 12.exd6 Bxd6 13.Ne3 Qc7 14.h3 Na5 15.Nc4 Nxc4
16.Bxc4 Bd7 17.Qe2 a6 18.a4 Kh8 19.a5 Bc5 20.b3 Bc6 21.Be3 Bxe3 22.Qxe3 Rad8
23.Qc5 Kg8 24.Rad1 Qf4 25.Qe7 Rde8 26.Qc5 Rc8 27.Rd4 Qf6 28.Qh5 g6 29.Qh6 Rfd8
30.Red1 Rxd4 31.Rxd4 Bd5 32.Bxd5 exd5 33.Qd2 Qc6 34.c4 dxc4 35.Rxc4 Qe6 36.Rxc8+ Qxc8
37.Qd6  1/2-1/2

[Event "Kecskemet op"]
[Site "Kecskemet "]
[Date "1985.??.??"]
[Round "8"]
[White "Forgacs, Gyula"]
[Black "Balogh, Bela"]
[Result "1/2-1/2"]
[WhiteElo "2345"]
[BlackElo "2295"]

1.e4 c5 2.Nf3 Nc6 3.Bb5 g6 4.c3 a6 5.Bxc6 dxc6 6.O-O Bg4 7.d3 e5 8.Na3 f6
9.Be3 Nh6 10.h3 Be6 11.Qe2 Nf7 12.Rfd1 Qa5 13.Nc4 Bxc4 14.dxc4 Bd6 15.a4 O-O
16.Nd2 Qc7 17.a5 Nd8 18.Qg4 Kf7 19.Nb3 Ne6 20.Rd3 h5 21.Qe2 Rad8 22.Rad1 Be7
23.Rxd8 Rxd8 24.g3 Rd7 25.Kg2 Qd8 26.Rxd7 Qxd7 27.h4 Qd8 28.f3  1/2-1/2

[Event "Kecskemet op"]
[Site "Kecskemet "]
[Date "1985.??.??"]
[Round "11"]
[White "Horvath, Jozsef"]
[Black "Arkhipov, Sergey"]
[Result "0-1"]
[WhiteElo "2520"]
[BlackElo "2545"]

1.e4 c5 2.Nf3 Nc6 3.Bb5 d6 4.O-O Bd7 5.Re1 a6 6.Bf1 Bg4 7.c3 g6 8.d3 Bg7
9.Be3 e5 10.Nbd2 Nge7 11.h3 Be6 12.Ng5 Bc8 13.Nb3 O-O 14.f4 h6 15.Nf3 exf4
16.Bxf4 g5 17.Bh2 g4 18.Nh4 h5 19.Qd2 gxh3 20.gxh3 Ne5 21.Bg2 N7g6 22.Nf5 Nh4
23.Rf1 Bxf5 24.exf5 Kh7 25.Kh1 Bh6 26.Qe2 Nxg2 27.Qxg2 Rg8 28.Qd5 Qh4 29.d4 Nd3
30.dxc5 Nf2+ 31.Rxf2 Qxf2 32.Rg1 Rg7 33.f6 Rxg1+ 34.Bxg1 Qxf6 35.cxd6 Rd8
36.Nd4 Rxd6 37.Qxh5 Qf4  0-1

[Event "URS-ch sf"]
[Site "Kostroma"]
[Date "1985.??.??"]
[Round "17"]
[White "Titov, German"]
[Black "Shabanov, Yuri"]
[Result "1/2-1/2"]
[WhiteElo "2200"]
[BlackElo "2385"]

1.e4 c5 2.Nf3 Nc6 3.Bb5 g6 4.Bxc6 bxc6 5.O-O Bg7 6.Re1 e5 7.c3 Ne7 8.d4 cxd4
9.cxd4 exd4 10.Nxd4 O-O 11.Nc3 Bb7 12.Bf4 d5 13.exd5 Nxd5 14.Be5 Nxc3 15.bxc3 c5
16.Bxg7 Kxg7 17.Nb3 Qc7 18.Qe2 Rfd8 19.f3 Rd5 20.Rad1 Rh5 21.h3 Rd8 22.Rxd8 Qxd8
23.Qe7 Qb6 24.Re5 c4+ 25.Nd4 Rxe5 26.Qxe5+ Kg8 27.Kh2 h5 28.Nb5 Bxf3 29.gxf3 Qf2+
30.Kh1 Qf1+  1/2-1/2

[Event "Munich op"]
[Site "Munich"]
[Date "1985.??.??"]
[Round "?"]
[White "Tauber, Manfred"]
[Black "Klundt, Klaus"]
[Result "1/2-1/2"]
[WhiteElo "2215"]
[BlackElo "2340"]

1.e4 c5 2.Nf3 Nc6 3.Bb5 g6 4.O-O Bg7 5.Nc3 Nd4 6.Bc4 e6 7.d3 Ne7 8.Bf4 d6
9.a4 O-O 10.Nxd4 cxd4 11.Nb5 e5 12.Bd2 a6 13.Na3 Bd7 14.f4 exf4 15.Bxf4 Bxa4
16.Qf3 Bc6 17.Bg5 Qc7 18.Bxf7+ Kh8 19.Qh3 Be8 20.Be6 Bc6 21.Rf7 Rxf7 22.Bxf7 Rf8
23.Rf1 b5 24.Rf3 b4 25.Nc4 d5 26.Bxe7 Qxe7 27.Bxg6 h6 28.Rxf8+ Qxf8 29.exd5 Bxd5  1/2-1/2

[Event "Naleczow (Women)"]
[Site "Naleczow"]
[Date "1985.??.??"]
[Round "12"]
[White "Sikora Gizynska, Bozena"]
[Black "Lazarevic, Milunka"]
[Result "0-1"]
[WhiteElo "2035"]
[BlackElo "2170"]

1.e4 c5 2.Nf3 Nc6 3.Bb5 g6 4.O-O Bg7 5.c3 Nf6 6.Re1 O-O 7.d4 cxd4 8.cxd4 d5
9.e5 Ne4 10.Nbd2 Nxd2 11.Bxd2 Qb6 12.Bxc6 bxc6 13.Re3 Bg4 14.Bc1 c5 15.dxc5 Bxf3
16.Rxf3 Qxc5 17.Be3 Qc7 18.Bd4 Bxe5 19.Rc1 Qb8 20.Rb3 Qd6 21.Bc5 Qd7 22.Qe2 Bd6
23.Be3 e5 24.Qa6 d4 25.Rb7 Qe6 26.Bh6 Rfc8 27.Rxa7 Rxc1+ 28.Bxc1 Re8 29.Bh6 Bb8
30.Qxe6 Rxe6 31.Rd7 Rd6 32.Rb7 Rd8 33.f3 Rc8 34.Kf1 Bc7 35.g4 f5 36.gxf5 gxf5
37.Ke2 Kf7 38.Bd2 e4 39.fxe4 fxe4 40.a4 Ke6 41.Rb5 Rg8 42.Bg5 h6 43.Bxh6 Rg2+
44.Kf1 Rxh2 45.Bg5 e3 46.Rb3 e2+ 47.Ke1 Kf5  0-1

[Event "JUG-ch"]
[Site "Novi Sad"]
[Date "1985.??.??"]
[Round "?"]
[White "Filipovic, Branko"]
[Black "Kozul, Zdenko"]
[Result "0-1"]
[WhiteElo "2395"]
[BlackElo "2380"]

1.e4 c5 2.Nf3 Nc6 3.Bb5 g6 4.O-O Bg7 5.Re1 Nf6 6.e5 Nd5 7.Nc3 Nc7 8.Bxc6 dxc6
9.Ne4 Ne6 10.d3 O-O 11.Be3 b6 12.Qd2 Re8 13.Bh6 Bh8 14.Ng3 Qd5 15.c4 Qd8
16.Rad1 Nd4 17.Nxd4 cxd4 18.Qf4 c5 19.h4 Qc7 20.h5 Be6 21.Qe4 Qd7 22.Re2 Rab8
23.Qf4 Qc7 24.hxg6 fxg6 25.Qg5 b5 26.b3 bxc4 27.bxc4 Qd7 28.Rde1 Rb6 29.Ne4 Rc8
30.Qh4 Bf5 31.Bg5 Bxe4 32.Rxe4 e6 33.Be7 Bg7 34.g3 Bf8 35.Bf6 Rb2 36.R4e2 Rcb8
37.Qg4 Qc6 38.Kh2 a5 39.Bg5 a4 40.Bc1 R2b7 41.Ba3 Rf7 42.f4 Rf5 43.Kg1 Be7
44.Rh2 Rbf8 45.Kf2 R8f7 46.Reh1 g5 47.Bc1 Qb7 48.Qh5 gxf4 49.Qg6+ Kf8 50.Qh6+ Ke8
51.gxf4 Qb1 52.Ke2 Kd7 53.Bd2 Qxa2 54.Rf1 Bg5 55.fxg5 Rxf1 56.g6 Qc2  0-1

[Event "NZD-ch"]
[Site "?"]
[Date "1985.??.??"]
[Round "?"]
[White "Lloyd, Adrian"]
[Black "Ker, Anthony F"]
[Result "1-0"]
[WhiteElo "2200"]
[BlackElo "2200"]

1.e4 c5 2.Nf3 Nc6 3.Bb5 e6 4.O-O Nge7 5.Re1 a6 6.Bf1 g6 7.c3 Bg7 8.d4 cxd4
9.cxd4 d6 10.Nc3 O-O 11.d5 Ne5 12.Nxe5 Bxe5 13.Bg5 Qd7 14.Na4 Rb8 15.Nb6 Qe8
16.Nc4 Qd7 17.Nxe5 dxe5 18.Bf6 exd5 19.Qd2 Qe6 20.Qg5 Re8 21.exd5 Qd7 22.Bxe5 Qxd5
23.Qf6  1-0

[Event "Nordic-chT"]
[Site "Pohja"]
[Date "1985.??.??"]
[Round "?"]
[White "Kuczynski, Robert"]
[Black "Wahls, Matthias"]
[Result "1/2-1/2"]
[WhiteElo "2405"]
[BlackElo "2285"]

1.e4 c5 2.Nf3 Nc6 3.Bb5 g6 4.O-O Bg7 5.c3 Nf6 6.Re1 O-O 7.d4 cxd4 8.cxd4 d5
9.e5 Ne4 10.Nc3 Nxc3 11.bxc3 Bd7 12.Bd3 Rc8 13.Bg5 f6 14.exf6 exf6 15.Bh4 Na5
16.Qc2 b5 17.Rab1 Nc4 18.Rbc1 Bh6 19.Rcd1 b4 20.Ne5 bxc3 21.Bxc4 dxc4 22.Nxd7 Qxd7
23.Qxc3 Qd5  1/2-1/2

[Event "Sarajevo"]
[Site "Sarajevo"]
[Date "1985.??.??"]
[Round "5"]
[White "Mikhalchishin, Adrian"]
[Black "Lputian, Smbat G"]
[Result "1/2-1/2"]
[WhiteElo "2505"]
[BlackElo "2530"]

1.e4 c5 2.Nf3 Nc6 3.Bb5 e6 4.O-O Nge7 5.Re1 a6 6.Bf1 d5 7.exd5 Nxd5 8.d4 Nf6
9.c3 cxd4 10.cxd4 Be7 11.Nc3 O-O 12.Be3 b5 13.Rc1 Bb7 14.a4 bxa4 15.Nxa4 Nb4
16.Nc5 Bd5 17.Ne5 Ra7 18.Qa4 a5 19.f3  1/2-1/2